00351nam a2200121Ia 450000500170000000800410001708200130005810000230007124500380009426000370013230000130016950000470018220250616002642.0240331s9999 xx 000 0 und d bWIJa305 aWijesinghe, P.R.H. 0aUdarat pavula hena saha arthikaya aMoratuwabThodangoda & Samagama  a112 p ., aA Book of Upcountry family chena & Economy